| 000 | 00942nam a2200241Ia 4500 | ||
|---|---|---|---|
| 005 | 20140903180403.0 | ||
| 008 | 130821s2009 xxu gr eng | ||
| 020 | _a9780739133774 | ||
| 040 |
_aCo-BoUCM _bspa _cJose A. Gerena (modificó) _dDiana Londoño (modificó) |
||
| 041 | 0 | 0 | _aeng |
| 245 | 0 | 0 |
_aSoft power China's emerging strategy in international politics _ceditado por Mingjiang Li |
| 260 |
_aLanham (Maryland, Estados Unidos) _bLexington Books _c2009 |
||
| 300 | _avii, 275 páginas | ||
| 504 | _aIncluye referencias bibliográficas e índices | ||
| 650 | 0 | 7 |
_aPoder político _zChina _921764 |
| 650 | 0 | 7 |
_aRelaciones internacionales _98042 |
| 651 | 7 |
_aChina _bRelaciones internacionales _926875 |
|
| 651 | 7 |
_aChina _xPolítica y gobierno _944328 |
|
| 690 |
_942907 _aRelaciones internacionales |
||
| 700 | 1 |
_aLi, Mingjiang _eeditor _954664 |
|
| 942 |
_cLIBRO _a6 _e1 _mL612 _2DEWEY _h327.51 |
||
| 999 |
_c41105 _d41105 |
||